All Valorant Masters/Champions winners - Statistiken

Allgemein
  • Dieses Quiz wurde 69 mal gespielt
  • Das Durchschnittsergebnis liegt bei 11 aus 13
Antwortstatistiken
Event Antwort % Korrekt
Masters Reykjavik 2021 Sentinels
96%
Masters Madrid 2024 Sentinels
96%
VCT Lock//In 2023 Fnatic
92%
Masters Tokyo 2023 Fnatic
92%
Masters Shanghai 2024 GenG
86%
Masters Bangkok 2025 T1
86%
Champions Seoul 2024 Edward Gaming
84%
Masters Berlin 2021 Gambit
82%
Champions Istanbul 2022 LOUD
80%
Champions LA 2023 Evil Geniusses
73%
Champions Berlin 2021 Acend
71%
Masters Reykjavik 2022 OpTic
71%
Masters Kopenhagen 2022 FunPlus Phoenix
59%
Keine übereinstimmenden Quizze gefunden
Verteilung der Resultate
Anzahl Personen mit jedem Resultat
Perzentil nach korrekt beantworteten Fragen
Ihre Resultats-Entwicklung
Sie haben dieses Quiz noch nicht gespielt